| 000 | 00429cam a22001337a 4500 | ||
|---|---|---|---|
| 008 | 180718b1969 xxu||||| |||| 00| 0 eng d | ||
| 082 | _aA6x581 G862 | ||
| 100 | _aGregorian, Vartan | ||
| 245 |
_aThe emergence of modern Afghanistan: politics of reform and modernization, 1880-1946 _cby Vartan Gregorian |
||
| 260 |
_aStanford _bStanford Univ. Press _c1969 |
||
| 300 | _a586p. | ||
| 500 | _a$17.50 | ||
| 650 | _aAfghanisatna - Hstory | ||
| 999 |
_c366905 _d366905 |
||